000 02938nam a2200529Ia 4500
001 3534
008 241029s9999 xx 000 0 und d
010 _a3312
041 _aEspañol
082 _aMA-ES 0032 FH 2005
245 0 _aConocimiento sobre la sexualidad y el embarazo que manejan las adolescentes embarazadas que asisten al Instituto Profesional de Educación Especial y Psicoterapia de la ciudad de Santiago. Año 2004.
260 _aSantiago
300 _a127
520 _a33
630 _aEducación Especial
630 _aEmbarazo en la Adolescencia
650 _aOrientación
690 _aSintetizado
700 _easesor
_aÁvila, Casilda
700 _eautor
_aNúñez, Teodora
901 _a{"1":"Núñez"}
_b{"1":"Teodora"}
902 _a1
903 _a{"1":"Ávila"}
_b{"1":"Casilda"}
904 _aMaestría en
905 _aEnseñanza Superior
906 _a2
907 _aNO APLICA
908 _aNO APLICA
909 _aUniversidad Autónoma de Santo Domingo (UASD)
910 _aNULL
_bNULL
911 _a["1"]
912 _aNO APLICA
913 _aNULL
914 _a03 de Octubre de 2005
915 _a21/11/19 04:11
916 _aNULL
917 _aNULL
918 _aNO APLICA
919 _a["76","87"]
520 _aLa presente investigación ha sido realizada en el Instituto Profesional de Educación Especial y Psicoterapia de la Ciudad de Santiago de los Caballeros. Dicha Institución trabaja desde el año 1989 con jóvenes adolescentes en la prevención de infecciones de transmisión sexual, apoyo emocional durante el embarazo y programas generales de salud sexual. En tal caso es de vital importación el nivel de conocimiento que manejan las adolescentes que asisten al Centro acerca de la sexualidad y el embarazo.Entre los principales hallazgos de esta investigación se encontró que el 100% de las encuestadas tienen conocimientos de las partes que forman parte del aparato reproductor femenino. En tanto, un 57% un porcentaje bastante significativo, mostró desconocimiento acerca del proceso de fecundación, mientras las medidas de prevención utilizadas por las adolescentes son variadas, teniendo un porcentaje mayor que el 52% el uso del condón. Con relación al riesgo de embarazo un 72% dice no estar contentas con su estado.Dentro de las consecuencias del embarazo en las adolescentes se destaca el riesgo de salud, la vida misma, tanto para la madre, como para la criatura o ambos.En base a estas informaciones, se recomienda ofrecer charlas como talleres, seminarios, etc., donde se involucren todos los elementos que puedan intervenir en la educación de las adolescentes.Nota: Esta investigación se encuentra en el Centro Universitario Regional de Santiago, CURSA.  Signatura Topográfica CURSA -T- 000303
921 _a16
922 _a16
923 _a0
924 _aNO APLICA
942 _cTesis
999 _c3312
_d3312